000 00683nam a2200253Ia 4500
003 OSt
005 20221005090244.0
006 a|||||r|||| 00| 0
007 ta
008 221004b |||||||| |||| 00| 0 eng d
024 _a28209
037 _cTextual
040 _aCRL
_cCRL
_beng
041 _2eng
_aeng
082 _aD65,8(B):(4), N1
100 _aBove Tony
_9615041
245 0 _aPage maker 4 PC/windows
_b Basics
260 _aNew York
_bJohn Wiley USA
_c1991
300 _a378p
_ccm.
650 _aENGINEERING
700 _a Rhodes Cheryl
_9615042
942 _hD65,8(B):(4), N1
_cTEXL
_2cc
999 _c995450
_d995450